| 000 | 00836nam a2200253Ia 4500 | ||
|---|---|---|---|
| 003 | OSt | ||
| 005 | 20220930062427.0 | ||
| 006 | a|||||r|||| 00| 0 | ||
| 007 | ta | ||
| 008 | 220926b |||||||| |||| 00| 0 eng d | ||
| 024 | _a1106 | ||
| 037 | _cTheses | ||
| 040 |
_aCRL _cCRL _beng |
||
| 041 |
_2eng _aeng |
||
| 100 |
_aKant Poonam A. _9521214 |
||
| 110 | _aUniversity of Delhi. Faculty of Science. Department of Zoology | ||
| 245 | 0 | _aStudies on the opioidergic regulation of luteinizing hormone secretion and testicular steroidogenesis in the male albino rat | |
| 260 | _c1994 | ||
| 650 | _aZOOLOGY | ||
| 700 |
_a Prof R N Saxena Supervisor _9519723 |
||
| 700 | _aUniversity of Delhi. Faculty of Science. Department of Zoology | ||
| 942 |
_cDIS _2CC |
||
| 999 |
_c855519 _d855519 |
||